[Event "Rheinhessen-ch U16/U18"]
[Site "Heidesheim"]
[Date "2013.01.06"]
[Round "6.7"]
[White "Heep, Konstantin"]
[Black "Litzinger, Carsten"]
[Result "1/2-1/2"]
[WhiteElo "847"]
[BlackElo "1174"]
[PlyCount "52"]
[EventDate "2013.01.06"]
[EventType "swiss"]
[EventRounds "7"]
[EventCountry "GER"]
[SourceTitle "EXT 2014"]
[Source "ChessBase"]
[SourceDate "2013.11.20"]
[SourceVersion "1"]
[SourceVersionDate "2013.11.20"]
[SourceQuality "1"]

1. e4 e5 2. Nf3 d6 3. Bc4 f5 4. exf5 Bxf5 5. d3 h6 6. Nc3 Nf6 7. 0-0 Nbd7 8. Re1 c6 9. a3 b5 10. Ba2 Qc7 11. Bf4 0-0-0 12. Bg3 Re8 13. Re2 d5 14. d4 Bd6 15. dxe5 Nxe5 16. Nxe5 Bxe5 17. Bxe5 Rxe5 18. Rxe5 Qxe5 19. Qe2 Qxe2 20. Nxe2 Kd7 21. Nd4 Bg6 22. c3 a6 23. b4 Ne4 24. Rc1 Rf8 25. Bb1 Bh7 26. Re1 Nf6 1/2-1/2

[Event "Rheinhessen-ch U16/U18"]
[Site "Heidesheim"]
[Date "2013.01.06"]
[Round "7.7"]
[White "Litzinger, Carsten"]
[Black "Hinrichs, Niklas"]
[Result "0-1"]
[WhiteElo "1174"]
[BlackElo "1265"]
[PlyCount "80"]
[EventDate "2013.01.06"]
[EventType "swiss"]
[EventRounds "7"]
[EventCountry "GER"]
[SourceTitle "EXT 2014"]
[Source "ChessBase"]
[SourceDate "2013.11.20"]
[SourceVersion "1"]
[SourceVersionDate "2013.11.20"]
[SourceQuality "1"]

1. c4 e5 2. e3 Nc6 3. b3 g6 4. Bb2 Bg7 5. Nf3 d6 6. d4 Bg4 7. Be2 exd4 8. Nxd4 Bxe2 9. Qxe2 Nf6 10. Nxc6 bxc6 11. 0-0 0-0 12. Na3 Re8 13. Rad1 Qe7 14. Qf3 Qe4 15. Qxe4 Nxe4 16. Bxg7 Kxg7 17. Rb1 Nd2 18. Nc2 Nxf1 19. Kxf1 Rab8 20. Ke2 c5 21. Rd1 Rb6 22. f3 f5 23. g3 a5 24. Na3 Ra8 25. Nb5 Rb7 26. e4 fxe4 27. fxe4 a4 28. Rd2 axb3 29. axb3 Kf6 30. Ke3 Ke6 31. Rd3 Ra1 32. b4 cxb4 33. Rb3 c6 34. Nd4+ Kd7 35. Nc2 Rh1 36. h4 Rc1 37. Kd3 Rg1 38. Kd4 c5+ 39. Kd5 Rd1+ 40. Nd4 Rxd4# 0-1